Lafaz Kadray / (Record no. 524388)

000 -LEADER
fixed length control field 00458nam a22001817a 4500
003 - CONTROL NUMBER IDENTIFIER
control field NUST
005 - DATE AND TIME OF LATEST TRANSACTION
control field 20190620100945.0
038 ## - RECORD CONTENT LICENSOR
Staff Name Faiza
082 ## - DEWEY DECIMAL CLASSIFICATION NUMBER
Classification number 891.421
Author Mark TAN
100 ## - MAIN ENTRY--PERSONAL NAME
Personal name Tanvir Sapra
9 (RLIN) 15209
245 ## - TITLE STATEMENT
Title Lafaz Kadray /
Statement of responsibility, etc. Tanvir Sapra
260 ## - PUBLICATION, DISTRIBUTION, ETC.
Place of publication, distribution, etc. Lahore :
Name of publisher, distributor, etc. Sanjh Publications,
Date of publication, distribution, etc. 2011.
300 ## - PHYSICAL DESCRIPTION
Extent 176 p. ;
500 ## - GENERAL NOTE
General note Hardcover.
880 ## - ALTERNATE GRAPHIC REPRESENTATION
Linkage 100-01\r
Title تنویر سپرا
880 ## - ALTERNATE GRAPHIC REPRESENTATION
Linkage 245-02\r
Title لفظ کھردرے /
942 ## - ADDED ENTRY ELEMENTS (KOHA)
Source of classification or shelving scheme
Koha item type Book
Holdings
Withdrawn status Lost status Source of classification or shelving scheme Damaged status Not for loan Permanent Location Current Location Shelving location Date acquired Total Checkouts Full call number Barcode Date last seen Price effective from Koha item type
          Central Library (CL) Central Library (CL) Punjabi Literature 06/20/2019   891.421 TAN CL-E-1494 06/20/2019 06/20/2019 Book
© 2023 Central Library, National University of Sciences and Technology. All Rights Reserved.